Traductions de prénoms étrangers - Statistiques

Statistiques générales
  • Ce quiz a été pris 390 fois
  • Le résultat moyen est 8 sur 15
Statistiques - réponses
Langue Prénom Traduction % Correct
Grec Lukás Luc
95%
Néerlandais Sofie Sophie
91%
Italien Giulia Julie
88%
Italien Massimo Maxime
85%
Espagnol Carlos Charles
82%
Allemand Heinrich Henri
76%
Arabe Myriam Marie
74%
Anglais Hugh Hugues
72%
Italien Guglielmo Guillaume
63%
Russe Ivan Jean
43%
Arabe Youssouf Joseph
29%
Polonais Ludwika Louise
19%
Basque Imanol Emmanuel
15%
Allemand Gretel Marguerite
3%
Gallois Gwladys Claude
2%
Aucun quiz correspondant
Distribution des résultats
% des personnes avec chaque résultat
Percentile par nombre de réponses
Votre historique - résultats
Vous n’avez pas pris ce quiz